000 00802nac a22002291u 4500
010 _a 78008967
020 _a047103536X
022 _a0471888346
082 0 0 _a621.31042
_bN243
090 _c4385
_d4385
100 _aNasar, S. A.
245 1 0 _aElectromechanics and electric machines /
_cS. A. Nasar and L. E. Unnewehr.
250 _a2nd ed.
260 _aNew York :
_bWiley,
_cc1979.
300 _axiiv, 443 p. :
_bill. ;
_c24 cm.
504 _aIncludes bibliographical references and index.
650 0 _aElectric machinery.
650 0 _aElectromechanical devices.
700 1 _aUnnewehr, L. E.,
_d1925-
942 _cBB
_k621.31042N243
999 _c4385
_d4385